MARC details
| 000 -LEADER |
| campo de control de longitud fija |
01837cam a2200505Ia 4500 |
| 001 - NÚMERO DE CONTROL |
| campo de control |
98326 |
| 005 - FECHA Y HORA DE LA ÚLTIMA TRANSACCIÓN |
| campo de control |
20230410123526.0 |
| 008 - DATOS DE LONGITUD FIJA--INFORMACIÓN GENERAL |
| campo de control de longitud fija |
110413s2010 bl b 001 0 por d |
| 035 ## - NÚMERO DE CONTROL DEL SISTEMA |
| Número de control de sistema |
(OCoLC)ocn712592335 |
| 040 ## - FUENTE DE CATALOGACIÓN |
| Centro catalogador/agencia de origen |
GZM |
| Centro/agencia transcriptor |
GZM |
| Centro/agencia modificador |
GZM |
| 020 ## - NÚMERO INTERNACIONAL ESTÁNDAR DEL LIBRO |
| Número Internacional Estándar del Libro |
8577531201 (pbk.) |
| 020 ## - NÚMERO INTERNACIONAL ESTÁNDAR DEL LIBRO |
| Número Internacional Estándar del Libro |
9788577531202 (pbk.) |
| 035 ## - NÚMERO DE CONTROL DEL SISTEMA |
| Número de control de sistema |
(OCoLC)712592335 |
| 041 1# - CÓDIGO DE IDIOMA |
| Código de lengua del texto/banda sonora o título independiente |
por |
| Código de lengua original |
eng |
| 043 ## - CÓDIGO DE ÁREA GEOGRÁFICA |
| Código de área geográfica |
s-bl--- |
| -- |
s-cl--- |
| -- |
s-ag--- |
| 050 14 - SIGNATURA TOPOGRÁFICA DE LA BIBLIOTECA DEL CONGRESO |
| Número de clasificación |
KH 552 |
| Número de ítem |
P436d 2010 |
| 082 00 - NÚMERO DE LA CLASIFICACIÓN DECIMAL DEWEY |
| Número de clasificación |
340/.11 |
| 100 1# - ENTRADA PRINCIPAL--NOMBRE DE PERSONA |
| Nombre de persona |
Pereira, Anthony W. |
| 240 10 - TÍTULO UNIFORME |
| Título uniforme |
Political (in) justice. |
| Lenguaje de la obra |
Portuguese |
| 245 10 - MENCIÓN DEL TÍTULO |
| Título |
Ditadura e repressao : |
| Resto del título |
o autoritarismo e o Estado de direito no Brasil, no Chile e na Argentina / |
| Mención de responsabilidad, etc. |
Anthony W. Pereira ; traducao de Patricia de Queiroz Carvalho Zimbres. |
| 246 30 - FORMA VARIANTE DEL TITULO |
| Título propio/Titulo breve |
Autoritarismo e o Estado de direito no Brasil, no Chile e na Argentina |
| 260 ## - PUBLICACIÓN, DISTRIBUCIÓN, ETC. |
| Lugar de publicación, distribución, etc. |
Sao Paulo : |
| Nombre del editor, distribuidor, etc. |
Paz e Terra, |
| Fecha de publicación, distribución, etc. |
[2010] |
| 300 ## - DESCRIPCIÓN FÍSICA |
| Extensión |
335 p. ; |
| Dimensiones |
23 cm. |
| 500 ## - NOTA GENERAL |
| Nota general |
Traducido de: Political (in)justice : authoritarianism and the rule of law in Brazil, Chile and Argentina. |
| 504 ## - NOTA DE BIBLIOGRAFÍA, ETC. |
| Nota de bibliografía, etc. |
Includes bibliographical references and index. |
| 650 #0 - PUNTO DE ACCESO ADICIONAL DE MATERIA--TÉRMINO DE MATERIA |
| Término de materia o nombre geográfico como elemento de entrada |
Rule of law |
| Subdivisión geográfica |
Brazil. |
| 650 #0 - PUNTO DE ACCESO ADICIONAL DE MATERIA--TÉRMINO DE MATERIA |
| Término de materia o nombre geográfico como elemento de entrada |
Authoritarianism |
| Subdivisión geográfica |
Brazil. |
| 650 #0 - PUNTO DE ACCESO ADICIONAL DE MATERIA--TÉRMINO DE MATERIA |
| Término de materia o nombre geográfico como elemento de entrada |
Rule of law |
| Subdivisión geográfica |
Chile. |
| 650 #0 - PUNTO DE ACCESO ADICIONAL DE MATERIA--TÉRMINO DE MATERIA |
| Término de materia o nombre geográfico como elemento de entrada |
Authoritarianism |
| Subdivisión geográfica |
Chile. |
| 650 #0 - PUNTO DE ACCESO ADICIONAL DE MATERIA--TÉRMINO DE MATERIA |
| Término de materia o nombre geográfico como elemento de entrada |
Rule of law |
| Subdivisión geográfica |
Argentina. |
| 650 #0 - PUNTO DE ACCESO ADICIONAL DE MATERIA--TÉRMINO DE MATERIA |
| Término de materia o nombre geográfico como elemento de entrada |
Authoritarianism |
| Subdivisión geográfica |
Argentina. |
| 650 #4 - PUNTO DE ACCESO ADICIONAL DE MATERIA--TÉRMINO DE MATERIA |
| Término de materia o nombre geográfico como elemento de entrada |
Jerarquía normativa |
| Subdivisión geográfica |
Brasil. |
| 650 #4 - PUNTO DE ACCESO ADICIONAL DE MATERIA--TÉRMINO DE MATERIA |
| Término de materia o nombre geográfico como elemento de entrada |
Autoritarismo |
| Subdivisión geográfica |
Brasil. |
| 650 #4 - PUNTO DE ACCESO ADICIONAL DE MATERIA--TÉRMINO DE MATERIA |
| Término de materia o nombre geográfico como elemento de entrada |
Jerarquía normativa |
| Subdivisión geográfica |
Argentina. |
| 650 #4 - PUNTO DE ACCESO ADICIONAL DE MATERIA--TÉRMINO DE MATERIA |
| Término de materia o nombre geográfico como elemento de entrada |
Jerarquía normativa |
| Subdivisión geográfica |
Chile. |
| 650 #4 - PUNTO DE ACCESO ADICIONAL DE MATERIA--TÉRMINO DE MATERIA |
| Término de materia o nombre geográfico como elemento de entrada |
Autoritarismo |
| Subdivisión geográfica |
Argentina. |
| 650 #4 - PUNTO DE ACCESO ADICIONAL DE MATERIA--TÉRMINO DE MATERIA |
| Término de materia o nombre geográfico como elemento de entrada |
Autoritarismo |
| Subdivisión geográfica |
Chile. |
| 650 #4 - PUNTO DE ACCESO ADICIONAL DE MATERIA--TÉRMINO DE MATERIA |
| Término de materia o nombre geográfico como elemento de entrada |
Administración de justicia |
| Subdivisión geográfica |
Chile. |
| 650 #4 - PUNTO DE ACCESO ADICIONAL DE MATERIA--TÉRMINO DE MATERIA |
| Término de materia o nombre geográfico como elemento de entrada |
Administración de justicia |
| Subdivisión geográfica |
Brasil. |
| 650 #4 - PUNTO DE ACCESO ADICIONAL DE MATERIA--TÉRMINO DE MATERIA |
| Término de materia o nombre geográfico como elemento de entrada |
Administración de justicia |
| Subdivisión geográfica |
Argentina. |
| 650 #4 - PUNTO DE ACCESO ADICIONAL DE MATERIA--TÉRMINO DE MATERIA |
| Término de materia o nombre geográfico como elemento de entrada |
20151100 |
| 942 ## - ELEMENTOS DE ENTRADA SECUNDARIOS (KOHA) |
| Fuente del sistema de clasificación o colocación |
Clasificación de Library of Congress |
| Tipo de ítem Koha |
|
| 994 ## - |
| -- |
C0 |
| -- |
DRFGD |
| 946 ## - PROCESAMIENTO DE INFORMACIÓN LOCAL (OCLC) |
| a |
cv |